000 01758nam0a2200325 4500
001 RU\NLR\bibl\529784
005 20250609151028.0
010 _a5-215-01476-0
_9100
021 _aRU
_b2004-27650
_91394
035 _a(NLR Aleph) 000522113
090 _a1299782
_c1299782
100 _a20040616d2003 |||y0rusy50 ca
101 0 _arus
102 _aRU
105 _aa |||||||||
200 1 _aОсновы работы с персональным компьютером
_eУчеб. пособие для студентов спец. "Налоги и налогообложение" - 351200, "Менеджмент организации" - 061100 специализации "Налоговый менеджмент" - 061185
_fС.А. Шмыков
_gМ-во образования Рос. Федерации, Гос. образоват. учреждение высш. проф. образования Гос. ун-т упр. , Ин-т налогов и налогового упр.
210 _aМ.
_cГУУ
_d2003
215 _a291, [1] с.
_cил.
_d21
320 _aБиблиогр.: с. 287 (10 назв.)
606 0 _aКомпьютеры персональные
_jРуководства, пособия и т.п. для высшей школы
_9920284
_3RU\NLR\auth\6618292
606 0 _aКомпьютеры персональные
_jУчебные издания для высших учебных заведений
_9920284
_3RU\NLR\auth\6618292
686 _aЗ973.23я73-1
686 _aУ26(2)141.3в612я73
686 _aУ21(2)я73
700 1 _aШмыков
_bС. А.
_gСергей Александрович
_4070
801 0 _aRU
_bNLR
_c20040616
_gPSBO
801 1 _aRU
_bNLR
_c20040616
942 _cBOOK
980 _aNB